000 00670nam a2200229Ia 4500
003 OSt
005 20220928113713.0
006 a|||||r|||| 00| 0
007 ta
008 220927b |||||||| |||| 00| 0 eng d
024 _a95085
037 _cTextual
040 _aSDCL
_cSDCL
_beng
041 _2eng
_aeng
082 _aV43:24'N, N9
100 _aSung-Joo Han Ed.
_9434560
245 0 _aChanging values in Asia
_b Their impact on governance and development
260 _aNew York
_b Japan Center for International Exchange
_c1999
300 _avii,315p
_ccm.
942 _hV43:24'N, N9
_cTEXL
_2CC
999 _c750879
_d750879